000 00477nam a2200181Ia 4500
001 11736
003 GE_BSU
008 181216s||||||||xx |||||||||||||| ||und||
040 _cGE_BSU
245 _aХимия и жизнь-ХХвек. №8. 2014
245 _cГл.ред.Стельникова Л.Н.
260 _aМосква
260 _c2014
300 _a64стр.28см.
653 _aХимия и жизнь
653 _aპერიოდიკა
942 _cCR
999 _c44916
_d44916